000 01166cam a22003497a 4500
003 CHAP
005 20220329134323.0
008 971013s1981 r 00010 d
010 _a18670
011 _a19642
035 _a23727
040 _cCHAP
090 _aTesis
100 0 0 _aAlmengor Choy, David Humberto.
_94536
245 1 3 _aLa minigranja de pollo de engorda
_b: una explotación familiar
260 _aGuatemala :
_bEl autor,
_c1981
300 _a38 h.
502 _aTesis (Ing. Agrónomo) -- Univ. de San Carlos de Guatemala. Fac. de Agronomía
590 _aALEPH
_b10
_c20130110
_lUCH01
_h1241
590 _aBATCH-UPD
_b10
_c20130110
_lUCH01
_h0219
590 _aBATCH-UPD
_b10
_c20130110
_lUCH01
_h1558
590 _aBATCH-UPD
_b10
_c20130409
_lUCH01
_h2239
590 _aBATCH-UPD
_b10
_c20130410
_lUCH01
_h1053
590 _aBATCH-UPD
_b10
_c20130914
_lUCH01
_h0241
590 _aCONVERSION
_b10
_c20130109
_lUCH01
_h1311
650 1 4 _aAves de corral
_xEngorda.
_98647
650 1 4 _aAves de corral
_xNutrición.
_98672
650 1 4 _aGranjas avícolas.
_950400
901 _aBK
942 _cTESIS
949 _bBC
_cTES
_d-55099
_eTS1
_gI.c/e
_h20135
_i23727
_si
999 _c18670
_d18670